| 000 | 00528nam a2200181 4500 | ||
|---|---|---|---|
| 001 | 145464 | ||
| 003 | ES-MaACL | ||
| 005 | 20230906201234.0 | ||
| 007 | t| | ||
| 008 | 070214s1968 sp r ||||1| spa d | ||
| 100 | 1 |
_aSperling, Walter. _9107705 |
|
| 245 | 1 | 0 |
_aAprendo magia en 9 lecciones / _cWalter Sperling ; traducción de Sarolta Trowsky. |
| 260 |
_aBarcelona : _bIberia, _c1968. |
||
| 300 |
_a158 p. ; _c18 cm. |
||
| 650 | 4 |
_aIlusionismo. _9143701 |
|
| 700 | 1 |
_aTrowsky, Sarolta. _9111528 |
|
| 852 |
_aES-MaACL _jC-51806 |
||
| 999 |
_c145464 _d145464 |
||